|
|
|
|
| LEADER |
00737nam a2200229 a 4500 |
| 001 |
000685799 |
| 003 |
CZ BrMZK |
| 005 |
20030905084646.0 |
| 007 |
ta |
| 008 |
030904s1863 xr f cze d |
| 040 |
|
|
|a BOA001
|b cze
|c BOA001
|
| 100 |
1 |
|
|a Pichl, Josef Bojislav,
|d 1813-1888
|7 jk01093025
|4 aut
|
| 245 |
1 |
0 |
|a Společenský zpěvník Český /
|c Josef Bojislav Pichl a Josef Leopold Zvonař
|
| 250 |
|
|
|a 6. vyd.
|
| 260 |
|
|
|a V Praze :
|b [s.n.],
|c 1863
|
| 300 |
|
|
|a 1 sv.
|
| 700 |
1 |
|
|a Zvonař, Josef Leopold,
|d 1824-1865
|7 jk01152904
|4 aut
|
| 910 |
|
|
|a BOA001
|b 1-0094.201
|
| 964 |
|
|
|a Bohemika - stol. 19.
|
| 990 |
|
|
|a BK
|
| 993 |
|
|
|a Y
|
| 996 |
6 |
|
|b 2619442385
|c 1-0094.201
|l MZK
|r Sklad / do 1 hodiny
|n 1
|w 000685799
|u 000010
|a 1
|e BOA001
|j MZK50
|s P
|